Botola pro inwi 1 morocco 2024 - Statistics

General Stats
  • This quiz has been taken 55 times
  • The average score is 10 of 15
Answer Stats
Hint Answer % Correct
2 FAR
96%
1 RCA
96%
6 WAC
91%
7 FUS
78%
11 MAS
73%
3 RSB
71%
12 IRT
67%
10 HUSA
64%
9 MAT
62%
15 MCO
58%
4 UTS
58%
5 OCS
56%
8 RCAZ
51%
13 JSS
47%
14 SCCM
42%
No matching quizzes found
Score Distribution
Percent of People with Each Score
Percentile by Number Answered
Your Score History
You have not taken this quiz